De la construcción social de la realidad a la reconstrucción mediática de los sucesos: análisis de la cobertura de los incidentes del 5 de julio por la prensa escrita /
En este artículo, autoras y autor explican que la forma en que se cuentan los hechos que suceden prescinde de la objetividad y de la importancia informativa. Según ellos, la prensa escrita desinforma y produce una especie de pornografía mediática. En cada uno de los últimos acontecimientos, la cober...
Na minha lista:
| Autor principal: | |
|---|---|
| Outros Autores: | , |
| Formato: | Texto |
| Assuntos: | |
| Tags: |
Adicionar Tag
Sem tags, seja o primeiro a adicionar uma tag!
|
MARC
| LEADER | 00000 a a2200000 04500 | ||
|---|---|---|---|
| 001 | 5216 | ||
| 003 | |||
| 040 | |||
| 100 | |a González Guzmán, José Manuel | ||
| 245 | |a De la construcción social de la realidad a la reconstrucción mediática de los sucesos: análisis de la cobertura de los incidentes del 5 de julio por la prensa escrita / |c José Manuel González Guzmán ; Nátaly Guzmán ; Xiomara Peraza | ||
| 520 | |a En este artículo, autoras y autor explican que la forma en que se cuentan los hechos que suceden prescinde de la objetividad y de la importancia informativa. Según ellos, la prensa escrita desinforma y produce una especie de pornografía mediática. En cada uno de los últimos acontecimientos, la cobertura noticiosa se dedica a impactar, a sorprender, a estimular o a excitar la atención del público con hechos grandilocuentes, apocalípticos o dantescos | ||
| 650 | |a EL SALVADOR | ||
| 650 | |a MEDIOS DE COMUNICACION DE MASAS | ||
| 650 | |a NOTICIAS DE PRENSA | ||
| 650 | |a PRENSA | ||
| 650 | |a ANALISIS DE CONTENIDO | ||
| 650 | |a ASPECTOS POLITICOS | ||
| 700 | |a Guzmán, Nátaly | ||
| 700 | |a Peraza, Xiomara | ||
| 773 | |g volumen 61, número 693 -694; páginas 645-662 | ||
| 999 | |c 35617 |d 35617 | ||
| 773 | 0 | |0 18723 |9 2680 |a Universidad Centroamericana José Simeón Cañas (UCA) |d San Salvador, El Salvador Universidad Centroamericana José Simeón |o 01907 |t ECA: | |
